| 000 | 00779nam a2200253 a 4500 | ||
|---|---|---|---|
| 001 | 25194 | ||
| 003 | BD-RjUL | ||
| 005 | 20211209050838.0 | ||
| 008 | 140316s1985 enkb 001 0 eng d | ||
| 020 | _a0140075763 (pbk.) : | ||
| 035 | _a(BD-RjUL)25263 | ||
| 040 |
_aDLC _cDLC _dDLC _dBD-RjUL _beng |
||
| 041 | _aeng | ||
| 082 | 0 | 0 |
_a954.04 _219 _bAKI 1985 |
| 100 | 1 |
_aAkbar, M. J. _977501 |
|
| 245 | 1 | 0 |
_aIndia : _bthe siege within / _cM.J. Akbar. |
| 260 |
_aHarmondsworth, Middlesex, England : _bPenguin Books ; _aNew York, N.Y., U.S.A. : _bViking Penguin, _c1985. |
||
| 300 |
_a325 p. : _bmaps ; _c20 cm. |
||
| 504 | _aIncludes index. | ||
| 651 | 0 |
_aIndia _xPolitics and government _y1947- _977502 |
|
| 942 |
_2ddc _cBK |
||
| 999 |
_c25194 _d25194 |
||